1699 1593 1158 1481 1482 1219 1983 1043 1180 1927 1125 1338 1312 1068 1386 1823 1192 1125 1336 1921 1439 1099 1472 1278 1107 1470 1729 1924 1689 1955 1612 1159 1193 1155 1891 1348 1216 1753 1591 1342 1234 1932 1621 1004 1847 1384 1736 1262 1829 1459 1494 1050 1254 1400 1833 1543 1554 1030 1329 1484 1994 1633 1412 1659 1313 1962 1925 1518 1814 1022 1659 1714 1039 1387 1778 1543 1741 1501 1071 1394 1278 1192 1367 1381 1628 1828 1969 1500 1284 1375 1759 1834 1094 1652 1496 1550 1402 1977 1452 BCNSPRNW ULIB Ver.6.0+V

เปลี่ยนเป็นภาษาไทย

Change to English
 แสดงรายละเอียดบรรณานุกรม
  กลับหน้าหลัก

Brief Record : Get Marc (ISO 2709) : E-mail record : QR code < ปิดหน้าต่าง
LEADER : 00000nam 2200000uu 4500
001    13399122531
003     ULIB
008    130718s2554||||th 000 0 tha d
020    9786167047669
050 04 ^aBQ5578^bศ332ส
100 1  ^aศักดิ์สิทธิ์ พันธุ์สัตย์
245 10 ^aสวดมนต์พ้นหนี้กรรม /^cศักดิ์สิทธิ์ พันธุ์สัตย์
260    ^aกรุงเทพฯ :^bเลี่ยงเชียง เพียรเพื่อพุทธศาสตร์,^c2554
300    ^a159 หน้า
650  7 ^aสวดมนต์
650  7 ^aหนังสือสวดมนต์
945    ^p80^l0^i19984
949    ^aทศพร
999    ^aทศพร เกษรทอง
รายการนี้ยังไม่มีแท็ก
คุณยังไม่ได้ล็อกอิน คุณสามารถมีกิจกรรมร่วมกับเว็บไซต์ได้ แต่ต้องล็อกอินก่อน ::
  ล็อกอิน

รายการสื่อสารสนเทศ

ลำดับที่ ประเภท เลขเรียก/บาร์โค้ด สถานที่ สถานะ
1. การศึกษาทั่วไป
การศึกษาทั่วไป
BQ5578 ศ332ส ฉ.1 
  Barcode: 19984
ห้องสมุดวิทยาเขตสวรรค์ประชารักษ์
►หนังสือทั่วไป
บนชั้น

รายการใกล้เคียง
    หัวเรื่อง [สวดมนต์]
    หัวเรื่อง [หนังสือสวดมนต์]

BibComment


ยังไม่เคยถูกคอมเมนท์

คอมเมนท์ทรัพยากรรายการนี้
  คอมเมนท์: สวดมนต์พ้นหนี้กร..


 Copyright 2026. Bcnsprnw @Library